| 000 | 005070000a22001930004500 | ||
|---|---|---|---|
| 001 | 004392 | ||
| 003 | MACL | ||
| 005 | 20150911164310.0 | ||
| 008 | 150911b xxu||||| |||| 00| 0 eng d | ||
| 040 |
_aMACL _cMACL |
||
| 041 | _aEnglish | ||
| 082 | _a954.920/NAR | ||
| 100 |
_aChakravartty's Nikhil, _910256 |
||
| 245 |
_aIndia P̜akistan _bThemes eyond Borders _cChakravartty's Nikhil |
||
| 260 |
_aNew Delhi _c2004 _bKonark Publisher, |
||
| 350 | _a400 | ||
| 650 |
_aHistory _910257 |
||
| 942 |
_k955 _cBK _2ddc |
||
| 999 |
_c16283 _d16283 |
||